[Event "German Bundesliga 2021-22"]
[Site "Germany"]
[Date "2022.04.30"]
[Round "5.16"]
[White "Lamby, Philipp"]
[Black "Dinstuhl, Volkmar"]
[Result "1-0"]
[WhiteElo "2151"]
[BlackElo "2393"]
[Annotator "TA"]
[PlyCount "53"]
[EventDate "2022.03.05"]
[EventType "team-tourn"]
[EventCountry "GER"]
[SourceTitle "playchess.com"]
[Source "ChessBase"]
[SourceQuality "1"]
[TimeControl "40/5400+30:1800+30"]

{[%evp 9,53,2,27,8,37,29,35,26,80,59,84,78,101,18,62,9,23,0,0,-36,-17,-29,-36,-61,-27,-25,0,-10,0,-15,-14,-25,8,-12,48,-41,249,241,708,678,1407,810,738,584,541,544]} 1. e4 {[%emt 0:00:00]} c5 {[%emt 0:00:00]} 2. c3 {[%emt 0:00:00]} d6 {[%emt 0:00:00]} 3. d4 {[%emt 0:00:00]} Nf6 {[%emt 0:00:00]} 4. dxc5 {[%emt 0:01:00]} Nc6 {[%emt 0:00:00]} 5. Bc4 {[%emt 0:06:44]} e6 {[%emt 0:00:00]} 6. Qe2 {[%emt 0:01:04] B22: Sicilian: 2 c3.} dxc5 {[%emt 0:00:00]} 7. Nf3 {[%emt 0:00:17]} Be7 {[%emt 0:02:36]} 8. O-O {[%emt 0:00:54] White is slightly better.} O-O {[%emt 0:07:40]} (8... Qc7 $11 {keeps the balance.}) 9. e5 $16 {[%emt 0:16:39]} Nd5 {[%emt 0:05:28]} 10. Qe4 {[%emt 0:06:37]} b6 {[%emt 0:36:10][%cal Bb7b6,Bb6b5][%mdl 32] [#]} 11. Nbd2 $146 {[%emt 0:11:57]} ({Better is} 11. Bd3 $16 {[%csl Gd3][%cal Re4h7]} g6 12. Bb5 (12. Bh6 Re8 $14)) ({Predecessor:} 11. Rd1 Bb7 12. Bd3 g6 13. Qe2 Qc7 14. a3 Na5 15. Bh6 c4 16. Bc2 Rfd8 17. Nbd2 {1-0 (41) Papin,V (2374)-Jurcik,M (2164) Budva 2003}) 11... Bb7 {[%emt 0:01:26]} 12. Bd3 {[%emt 0:27:19]} (12. Re1 $14) 12... g6 $11 {[%emt 0:01:33]} 13. Bc2 {[%emt 0:00:07]} Qc7 $1 {[%emt 0:11:01]} 14. Nc4 {[%emt 0:06:21]} b5 {[%emt 0:06:25]} 15. Na3 {[%emt 0:00:07]} a6 {[%emt 0:00:46]} 16. Bh6 {[%emt 0:00:47]} Rfe8 {[%emt 0:02:39]} 17. Rae1 {[%emt 0:00:24]} (17. c4 Ndb4 18. Qe2 (18. cxb5 $2 Nd4 $19) 18... Nd4 19. Nxd4 cxd4 20. cxb5 Red8 $17) 17... Rad8 {[%emt 0:05:00]} (17... b4 $5 {[%cal Rb4a3]} 18. Nb1 bxc3 19. bxc3 (19. Nxc3 Nxc3 20. bxc3 Nd4 $17) 19... Rad8 $11) 18. Qg4 {[%emt 0:00:56]} Bf8 {[%emt 0:08:37]} 19. Bxf8 {[%emt 0:01:06]} Rxf8 {[%emt 0:00:01]} 20. h4 {[%emt 0:01:11][%cal Bh2h4,Bh4h5][%mdl 32]} Kg7 {[%emt 0:01:26]} (20... b4 $5 {[%cal Rb4a3]} 21. Nb1 a5 $15) 21. h5 {[%emt 0:00:47]} c4 {[%emt 0:03:13]} (21... f5 $11 22. exf6+ Nxf6 23. h6+ (23. Qxe6 $2 Bc8 $19) 23... Kxh6 24. Qh4+ (24. Qxe6 Kg7 $15) 24... Kg7) 22. Ng5 {[%emt 0:01:53]} (22. Qg3 $1 $14) 22... Qe7 $2 {[%emt 0:02:43][%mdl 8192] [#] This move loses the game for Black.} (22... Nxe5 $15 {stays ahead.} 23. Qd4 Nf4 24. Qxe5+ (24. h6+ $2 Kxh6 25. Qxf4 Nf3+ 26. Qxf3 Bxf3 $19) 24... Qxe5 25. Rxe5 Bxg2) 23. Nxh7 $1 $18 {[%emt 0:02:52][%cal Bg5h7,Bh7g5,Bg5e6][%mdl 32]} Rg8 $2 {[%emt 0:02:56]} (23... Kxh7 24. hxg6+ fxg6) 24. hxg6 {[%emt 0:02:56] White is clearly winning.} Kh8 {[%emt 0:01:09]} 25. Ng5 {[%emt 0:00:33] Hoping for Qh5+.} fxg6 {[%emt 0:00:32]} 26. Qh3+ {[%emt 0:02:57]} Kg7 {[%emt 0:00:04]} 27. Nxe6+ {[%emt 0:01:18] Weighted Error Value: White=0.30/Black=0.47} 1-0

[Event "German Bundesliga 2021-22"]
[Site "Germany"]
[Date "2022.05.01"]
[Round "6.1"]
[White "Harikrishna, Pentala"]
[Black "Nihal Sarin"]
[Result "1/2-1/2"]
[WhiteElo "2719"]
[BlackElo "2648"]
[Annotator "TA"]
[PlyCount "80"]
[EventDate "2022.03.05"]
[EventType "team-tourn"]
[EventCountry "GER"]
[SourceTitle "playchess.com"]
[Source "ChessBase"]
[SourceQuality "1"]
[TimeControl "40/5400+30:1800+30"]

{[%evp 13,80,27,34,23,19,16,22,16,20,0,0,0,0,0,0,0,10,20,29,14,10,18,20,19,32,30,24,13,27,10,37,26,39,0,0,0,0,0,0,3,18,8,14,0,0,0,16,0,0,0,0,0,0,0,0,0,0,0,0,0,0,0,0,0,0,0,0,0,0]} 1. e4 {[%emt 0:00:00]} e5 {[%emt 0:00:00]} 2. Nf3 {[%emt 0:00:00]} Nc6 {[%emt 0:00:00]} 3. Bb5 {[%emt 0:00:00][%cal Bf1b5,Bb5a4,Ba4c2][%mdl 32]} a6 {[%emt 0:00:00]} 4. Ba4 {[%emt 0:00:00]} Nf6 {[%emt 0:00:00]} 5. O-O {[%emt 0:00:00]} Bc5 {[%emt 0:00:00]} 6. c3 {[%emt 0:00:00]} O-O {[%emt 0:00:00]} 7. d4 {[%emt 0:00:00]} Ba7 {[%emt 0:00:00]} 8. Re1 {[%emt 0:00:00] C78: Ruy Lopez: Archangelsk and Möller Defences.} b5 {[%emt 0:00:00]} 9. Bc2 {[%emt 0:00:00]} d6 {[%emt 0:00:00]} 10. h3 {[%emt 0:00:00]} Bb7 {[%emt 0:00:00]} 11. Be3 {[%emt 0:00:00]} exd4 {[%emt 0:00:00]} 12. cxd4 {[%emt 0:00:00]} Nb4 {[%emt 0:00:00]} 13. Nbd2 {[%emt 0:00:00]} Nxc2 {[%emt 0:00:00]} 14. Qxc2 {[%emt 0:00:00]} Qd7 {[%emt 0:00:00]} 15. d5 {[%emt 0:03:25]} Bxe3 {[%emt 0:00:00]} 16. Rxe3 {[%emt 0:00:06] [#]} Rac8 $146 {[%emt 0:00:00]} ({Predecessor:} 16... c6 17. dxc6 Bxc6 18. Nd4 Bb7 19. a4 Rac8 20. Qd3 bxa4 21. Nf5 Rfd8 22. Qd4 Qe6 23. Rxa4 {½-½ (40) Severins,J (2178)-Visser,A (2295) ICCF email 2017}) 17. Nd4 {[%emt 0:04:05]} c6 {[%emt 0:00:00]} 18. dxc6 {[%emt 0:00:37]} Bxc6 {[%emt 0:00:00]} 19. Qd3 {[%emt 0:03:37]} Rfe8 {[%emt 0:00:00]} 20. Rd1 {[%emt 0:05:20]} g6 {[%emt 0:00:37] Prevents Nf5.} 21. a3 {[%emt 0:07:03]} Qd8 {[%emt 0:28:46]} 22. Nxc6 {[%emt 0:19:27]} Rxc6 {[%emt 0:00:18]} 23. Nf3 {[%emt 0:01:16]} Qc7 {[%emt 0:23:22] The position is equal.} 24. Ree1 {[%emt 0:09:10]} Qb7 {[%emt 0:01:31]} 25. Qd4 {[%emt 0:05:18]} Qe7 {[%emt 0:17:03]} 26. b3 {[%emt 0:12:06]} Rec8 {[%emt 0:09:07]} ({Much less strong is} 26... Nxe4 27. Nd2 d5 28. f3 $16) 27. Qd2 {[%emt 0:04:23]} Kg7 {[%emt 0:02:40]} (27... Nxe4 $2 28. Qd5 $18) 28. Re3 {[%emt 0:08:18]} Qc7 {[%emt 0:03:26]} 29. Ree1 {[%emt 0:03:50] Black must now prevent Nd4.} Qe7 {[%emt 0:00:18]} 30. a4 {[%emt 0:05:21]} bxa4 {[%emt 0:03:12]} 31. bxa4 {[%emt 0:00:14]} Rc4 {[%emt 0:06:42]} 32. Qxd6 {[%emt 0:04:03]} Qxd6 {[%emt 0:00:22]} 33. Rxd6 {[%emt 0:00:07]} Nxe4 {[%emt 0:02:57]} 34. Rxa6 {[%emt 0:01:23]} Nc5 {[%emt 0:00:06][%csl LRa4,LRa6]} 35. Ra7 {[%emt 0:01:24] [#] aiming for Ree7.} Rxa4 {[%emt 0:00:11]} 36. Rae7 {[%emt 0:02:27]} Kf6 {[%emt 0:02:17]} 37. R7e3 {[%emt 0:00:22]} Rca8 {[%emt 0:01:34]} 38. Rc3 {[%emt 0:02:57]} Ne4 {[%emt 0:02:19]} 39. Rce3 {[%emt 0:00:17]} Nc5 {[%emt 0:00:05]} 40. Rc3 {[%emt 0:00:21]} Ne4 {[%emt 0:00:05] Weighted Error Value: White=0.05 (flawless) /Black=0.03 (flawless)} 1/2-1/2

[Event "German Bundesliga 2021-22"]
[Site "Germany"]
[Date "2022.05.01"]
[Round "6.1"]
[White "Volokitin, Andrei"]
[Black "Navara, David"]
[Result "1/2-1/2"]
[WhiteElo "2687"]
[BlackElo "2693"]
[Annotator "TA"]
[PlyCount "58"]
[EventDate "2022.03.05"]
[EventType "team-tourn"]
[EventCountry "GER"]
[SourceTitle "playchess.com"]
[Source "ChessBase"]
[SourceQuality "1"]
[TimeControl "40/5400+30:1800+30"]

{[%evp 14,58,6,4,26,11,10,7,11,0,31,0,0,0,5,5,4,0,0,0,0,0,4,4,14,17,12,15,22,0,0,0,0,0,0,0,0,0,0,0,5,0,0,0,0,0,0]} 1. e4 {[%emt 0:00:00]} e5 {[%emt 0:00:00]} 2. Nf3 {[%emt 0:00:00]} Nc6 {[%emt 0:00:00]} 3. Bc4 {[%emt 0:00:00]} Bc5 {[%emt 0:00:00]} 4. O-O {[%emt 0:00:00]} Nf6 {[%emt 0:00:00]} 5. d3 {[%emt 0:00:00]} O-O {[%emt 0:00:00]} 6. h3 {[%emt 0:00:00]} d6 {[%emt 0:00:00]} 7. c3 {[%emt 0:00:00]} h6 {[%emt 0:00:00]} 8. Re1 {[%emt 0:00:00]} a5 {[%emt 0:00:00] 8...Bb6 is setting a new trend. C54: Giuoco Piano: 4 c3 Nf6, main lines with 5 d4 and 5 d3.} 9. Nbd2 {[%emt 0:00:00][%cal Bb1d2,Bd2f1,Bf1g3][%mdl 32]} Be6 {[%emt 0:00:00]} 10. Bb5 {[%emt 0:00:00]} Bb6 {[%emt 0:00:00]} 11. Nf1 {[%emt 0:00:00]} Ne7 {[%emt 0:00:00]} 12. Ng3 {[%emt 0:17:20]} Nd7 {[%emt 0:00:00] The position is equal.} 13. d4 {[%emt 0:02:03] Black must now prevent d5.} f5 $1 {[%emt 0:00:00]} 14. dxe5 {[%emt 0:13:50]} (14. exf5 {with more complications.} Nxf5 15. dxe5 Nxe5 16. Nxe5 dxe5 17. Qxd8 Raxd8 18. Nxf5 Rxf5 19. Be3) 14... Nxe5 {[%emt 0:00:00] [#]} 15. Nxe5 $146 {[%emt 0:39:00]} (15. exf5 {looks sharper.} Nxf5 16. Nxe5 dxe5 17. Qxd8 Raxd8 18. Nxf5 Rxf5 19. Be3) ({Predecessor:} 15. Nd4 Bc8 16. exf5 Nxf5 17. Ngxf5 Bxf5 18. Be3 Bd7 19. f4 Bxd4 20. Bxd4 Bxb5 21. fxe5 {1-0 (66) Ding,L (2791)-Nakamura,H (2736) Chess.com INT 2020}) 15... dxe5 {[%emt 0:00:00]} 16. Qxd8 {[%emt 0:00:43]} Raxd8 {[%emt 0:00:00]} 17. exf5 {[%emt 0:00:04]} Nxf5 {[%emt 0:00:00]} 18. Nxf5 {[%emt 0:00:04]} Bxf5 {[%emt 0:00:07]} (18... Rxf5 $5 19. Be3 Bxe3 20. Rxe3 Rd2 $11) 19. Be3 {[%emt 0:00:43]} Bxe3 {[%emt 0:01:51]} 20. Rxe3 {[%emt 0:00:02]} Rd2 {[%emt 0:01:29]} 21. Re2 {[%emt 0:05:02]} Rxe2 {[%emt 0:01:23]} 22. Bxe2 $11 {[%emt 0:00:03][%mdl 4096] Endgame KRB-KRB} Rd8 {[%emt 0:11:49]} 23. Bc4+ {[%emt 0:03:59]} Kf8 {[%emt 0:00:23]} 24. Re1 {[%emt 0:00:25]} e4 {[%emt 0:00:10]} 25. Kf1 {[%emt 0:01:52]} Rd2 {[%emt 0:00:33]} 26. Re2 {[%emt 0:00:05]} Rd1+ {[%emt 0:00:06]} 27. Re1 {[%emt 0:00:03]} Rd2 {[%emt 0:00:06]} 28. Re2 {[%emt 0:00:03]} Rd1+ {[%emt 0:00:07]} 29. Re1 {[%emt 0:00:03]} Rd2 {[%emt 0:00:06] An even fight not without its subleties.  Weighted Error Value: White=0.05 (flawless) /Black=0.02 (flawless)} 1/2-1/2

[Event "German Bundesliga 2021-22"]
[Site "Germany"]
[Date "2022.05.01"]
[Round "6.1"]
[White "Huschenbeth, Niclas"]
[Black "Nisipeanu, Liviu-Dieter"]
[Result "1/2-1/2"]
[WhiteElo "2611"]
[BlackElo "2652"]
[Annotator "TA"]
[PlyCount "51"]
[EventDate "2022.03.05"]
[EventType "team-tourn"]
[EventCountry "GER"]
[SourceTitle "playchess.com"]
[Source "ChessBase"]
[SourceQuality "1"]
[TimeControl "40/5400+30:1800+30"]

{[%evp 15,51,26,30,29,32,0,17,21,14,8,78,88,83,85,72,89,78,58,77,65,74,72,123,144,126,0,0,0,0,0,0,0,0,0,0,0,0,0]} 1. e4 {[%emt 0:00:00]} c5 {[%emt 0:00:00]} 2. Nf3 {[%emt 0:00:00]} e6 {[%emt 0:00:00]} 3. d4 {[%emt 0:00:00]} cxd4 {[%emt 0:00:00]} 4. Nxd4 {[%emt 0:00:00]} Nf6 {[%emt 0:00:00]} 5. Nc3 {[%emt 0:00:00]} Nc6 {[%emt 0:00:00]} 6. Qd3 {[%emt 0:00:00]} d6 {[%emt 0:08:45]} 7. Bg5 {[%emt 0:00:00]} Be7 {[%emt 0:05:22] 7...Bd7 is setting a new trend.} 8. O-O-O {[%emt 0:00:00]} O-O {[%emt 0:03:22]} 9. h4 {[%emt 0:18:57] B62: Sicilian: Richter-Rauzer: 6...e6: Unusual White 7th moves.} Bd7 {[%emt 0:23:33] [#]} 10. Be2 $146 {[%emt 0:07:39]} ({Predecessor:} 10. Ndb5 Ne5 11. Qg3 Nh5 12. Qh3 Bxg5+ 13. hxg5 Qxg5+ 14. Kb1 Bxb5 15. Bxb5 Nf6 16. Rdf1 Qh6 {0-1 (58) Sadhwani,R (2555)-Kotronias,V (2517) Banja Vrujci 2021}) 10... Rc8 {[%emt 0:06:25]} 11. Qg3 {[%emt 0:00:30]} Nxd4 {[%emt 0:00:30]} 12. Rxd4 $40 {[%emt 0:00:30][%mdl 128] White has some attack.} Qc7 {[%emt 0:00:30]} (12... Qa5 $1 $11) 13. h5 $16 {[%emt 0:00:30] White is more active.} d5 {[%emt 0:00:30] aiming for ...Nxe4.} 14. Bf4 {[%emt 0:48:22]} (14. exd5 Nxd5 15. Bxe7 (15. Rxd5 Qxg3 16. fxg3 exd5 $11) 15... Nxe7 $14) 14... Qb6 {[%emt 0:23:55]} 15. Be5 {[%emt 0:02:02]} Rxc3 {[%emt 0:02:39]} 16. Qxc3 {[%emt 0:04:58] Qg3 is the strong threat.} ({Inferior is} 16. bxc3 Ba3+ 17. Kd2 Qxd4+ $3 {[%mdl 512]} 18. cxd4 Nxe4+ 19. Ke3 Nxg3 20. Bxg3 Ba4 $17) 16... Nxe4 {[%emt 0:00:44] [#]} 17. Rxe4 {[%emt 0:00:59]} dxe4 {[%emt 0:00:08]} 18. Bxg7 {[%emt 0:06:06] Strongly threatening Qg3.} (18. Qg3 f6 19. Bf4 e5 $17) 18... Qxf2 {[%emt 0:08:52]} (18... Bg5+ $142 19. Kb1 Rc8) 19. Bxf8 {[%emt 0:00:24]} Bxf8 {[%emt 0:00:09] [#]} 20. h6 {[%emt 0:04:41]} Qxe2 $11 {[%emt 0:03:03] The position is equal.} 21. Qg3+ {[%emt 0:00:05]} Kh8 {[%emt 0:00:03] Hoping for ...f5.} 22. Qe5+ {[%emt 0:00:06]} Kg8 $1 {[%emt 0:00:59]} 23. Qg5+ {[%emt 0:00:26]} Kh8 {[%emt 0:00:03]} 24. Qf6+ {[%emt 0:00:04]} Kg8 {[%emt 0:00:05]} 25. Qg5+ {[%emt 0:00:12]} Kh8 {[%emt 0:00:05]} 26. Qf6+ {[%emt 0:05:41] Weighted Error Value: White=0.11 (very precise) /Black=0.12 (very precise)} 1/2-1/2

[Event "German Bundesliga 2021-22"]
[Site "Germany"]
[Date "2022.05.01"]
[Round "6.2"]
[White "Svane, Rasmus"]
[Black "Van Foreest, Jorden"]
[Result "1/2-1/2"]
[WhiteElo "2637"]
[BlackElo "2702"]
[Annotator "TA"]
[PlyCount "47"]
[EventDate "2022.03.05"]
[EventType "team-tourn"]
[EventCountry "GER"]
[SourceTitle "playchess.com"]
[Source "ChessBase"]
[SourceQuality "1"]
[TimeControl "40/5400+30:1800+30"]

{[%evp 22,47,0,0,0,0,0,0,0,0,0,0,0,0,0,0,0,0,0,0,0,0,0,0,0,0,0,0]} 1. d4 {[%emt 0:00:00]} Nf6 {[%emt 0:00:00]} 2. c4 {[%emt 0:00:00]} e6 {[%emt 0:00:00]} 3. Nf3 {[%emt 0:00:00]} b6 {[%emt 0:00:00]} 4. g3 {[%emt 0:00:00]} Bb7 {[%emt 0:00:00]} 5. Bg2 {[%emt 0:00:00]} Bb4+ {[%emt 0:00:00]} 6. Bd2 {[%emt 0:00:00]} Be7 {[%emt 0:00:00]} 7. Nc3 {[%emt 0:02:58]} c6 {[%emt 0:00:00]} 8. O-O {[%emt 0:11:01]} O-O {[%emt 0:00:00]} 9. e4 {[%emt 0:17:41]} d5 {[%emt 0:00:00]} 10. exd5 {[%emt 0:05:28]} cxd5 {[%emt 0:00:00]} 11. Ne5 {[%emt 0:00:20]} Nc6 {[%emt 0:00:00]} 12. Bg5 {[%emt 0:18:51] The position is equal.} Rc8 {[%emt 0:05:39] E16: Queen's Indian: 4 g3 Bb7 5 Bg2 Bb4+.} 13. Bxf6 {[%emt 0:05:25]} (13. Nxc6 {is interesting.} Bxc6 14. Bxf6 Bxf6 15. cxd5 exd5 16. Qd3) 13... Bxf6 {[%emt 0:00:07]} 14. cxd5 {[%emt 0:02:08]} Nxe5 {[%emt 0:00:21]} 15. dxe5 {[%emt 0:00:21]} Bxe5 {[%emt 0:00:07]} 16. dxe6 {[%emt 0:00:56]} Bxg2 {[%emt 0:02:00] This bishop pair is nice.} 17. exf7+ {[%emt 0:05:59]} Rxf7 {[%emt 0:00:08]} 18. Kxg2 {[%emt 0:00:19]} Qxd1 {[%emt 0:02:42]} 19. Rfxd1 {[%emt 0:04:22]} Bxc3 {[%emt 0:00:11]} 20. bxc3 {[%emt 0:02:32]} Rxc3 $11 {[%emt 0:00:37] KRR-KRR} 21. Rd8+ {[%emt 0:00:38]} Rf8 {[%emt 0:00:07]} 22. Rd2 {[%emt 0:00:08] [#]} Re8 $146 {[%emt 0:01:46]} ({Predecessor:} 22... Rc7 23. Re1 Rf5 24. Re4 Kf7 25. h4 h5 26. a4 Re7 27. Red4 g6 28. Rc2 Kg7 29. Rd6 Ref7 30. Rd4 Re7 31. Rd6 Ref7 {½-½ (31) Juhasz,K (2438)-Saric,A (2557) Austria 2019}) 23. Rd7 {[%emt 0:03:30]} Rc2 {[%emt 0:00:25]} 24. Rxa7 {[%emt 0:03:00] An interesting draw.  Weighted Error Value: White=0.00 (flawless) /Black=0.00 (flawless)} 1/2-1/2

[Event "German Bundesliga 2021-22"]
[Site "Germany"]
[Date "2022.05.01"]
[Round "6.2"]
[White "Bartel, Mateusz"]
[Black "Alonso Rosell, Alvar"]
[Result "1/2-1/2"]
[WhiteElo "2616"]
[BlackElo "2570"]
[Annotator "TA"]
[PlyCount "69"]
[EventDate "2022.03.05"]
[EventType "team-tourn"]
[EventCountry "GER"]
[SourceTitle "playchess.com"]
[Source "ChessBase"]
[SourceQuality "1"]
[TimeControl "40/5400+30:1800+30"]

{[%evp 9,69,14,14,11,12,9,12,0,18,7,16,10,0,0,7,8,12,9,22,-10,-2,-26,0,-22,0,0,0,0,0,0,29,52,32,39,32,33,34,36,54,38,36,33,29,30,29,20,17,6,6,0,0,0,0,0,0,0,0,0,8,0,0,0]} 1. e4 {[%emt 0:00:00][%cal Be2e4,Be4e5][%mdl 32]} c6 {[%emt 0:00:00]} 2. d4 {[%emt 0:00:00]} d5 {[%emt 0:00:00]} 3. e5 {[%emt 0:00:00]} c5 {[%emt 0:00:00]} 4. Nf3 {[%emt 0:00:00]} cxd4 {[%emt 0:00:00]} 5. Nxd4 {[%emt 0:00:19]} Nc6 {[%emt 0:00:00]} 6. Nxc6 {[%emt 0:00:03] B12: Caro-Kann: Advance Variation.} bxc6 {[%emt 0:00:00]} 7. Bd3 {[%emt 0:00:05]} e6 {[%emt 0:00:00]} 8. Nd2 {[%emt 0:00:53]} Ne7 {[%emt 0:03:23]} 9. Nf3 {[%emt 0:03:36]} Ba6 {[%emt 0:40:17]} 10. O-O {[%emt 0:00:53]} Bxd3 {[%emt 0:00:19] [#]} 11. Qxd3 $146 {[%emt 0:00:04]} ({Predecessor:} 11. cxd3 Nf5 12. Bg5 Qd7 13. d4 h6 14. Bd2 Rb8 15. g4 Ne7 16. b4 Nc8 17. Qc2 Nb6 18. Rab1 Be7 19. Rb3 Nc4 20. Kg2 {½-½ (20) Szyszylo,R (2258)-Stenner,P (2242) Germany 2019}) 11... Qd7 {[%emt 0:13:15]} 12. Bd2 {[%emt 0:04:46]} c5 {[%emt 0:04:55][%cal Bc6c5,Bc5b4][%mdl 32]} 13. c4 {[%emt 0:00:55]} Nc6 {[%emt 0:18:46]} 14. Rfe1 {[%emt 0:02:28]} Be7 {[%emt 0:01:59]} 15. Rac1 {[%emt 0:00:06]} h6 {[%emt 0:04:15]} 16. a3 {[%emt 0:08:12][%cal Ob2b4]} O-O {[%emt 0:04:08]} 17. b4 {[%emt 0:20:34]} cxb4 {[%emt 0:04:55]} 18. cxd5 {[%emt 0:00:13]} exd5 {[%emt 0:00:07]} 19. Qb5 {[%emt 0:00:17][%csl LRb4,LRc6]} Nb8 {[%emt 0:02:49][%cal Bc6b8,Bb8d7,Bd7b6,Bb6c4][%mdl 32]} 20. Qxd7 {[%emt 0:00:56]} Nxd7 {[%emt 0:00:02]} 21. Rc7 {[%emt 0:00:10]} Rfd8 {[%emt 0:00:31]} 22. axb4 {[%emt 0:00:07]} Bf8 {[%emt 0:01:12]} 23. Ra1 {[%emt 0:06:37]} Nb6 {[%emt 0:00:07]} 24. Kf1 {[%emt 0:07:36]} Nc4 {[%emt 0:00:40]} 25. Bc3 {[%emt 0:00:09]} a6 {[%emt 0:00:18]} 26. Ke2 {[%emt 0:01:50]} Rdb8 {[%emt 0:00:56]} 27. Ra4 {[%emt 0:00:13]} Rb6 {[%emt 0:00:26] Prevents Rc6. The position is equal.} 28. Kd3 {[%emt 0:06:40]} Rab8 {[%emt 0:00:11]} 29. Rd7 {[%emt 0:01:28]} Rg6 {[%emt 0:00:54] [#] Hoping for ...Nb6.} 30. Bd4 {[%emt 0:03:04]} ({Not} 30. Rxd5 $2 Nb6 31. Rda5 Nxa4 32. Rxa4 Rxg2 $19) 30... Nb6 {[%emt 0:00:28]} 31. Bxb6 {[%emt 0:00:06]} Rgxb6 {[%emt 0:00:09]} 32. Rxd5 {[%emt 0:01:01]} Bxb4 {[%emt 0:00:18]} 33. Nd4 {[%emt 0:00:07]} Be1 {[%emt 0:00:53]} 34. f4 {[%emt 0:01:15]} Rb2 {[%emt 0:00:29]} 35. Ra1 {[%emt 0:08:58] Weighted Error Value: White=0.04 (flawless) /Black=0.06 (flawless)} 1/2-1/2

[Event "German Bundesliga 2021-22"]
[Site "Germany"]
[Date "2022.05.01"]
[Round "6.2"]
[White "Nguyen, Thai Dai Van"]
[Black "Banusz, Tamas"]
[Result "1/2-1/2"]
[WhiteElo "2613"]
[BlackElo "2598"]
[Annotator "TA"]
[PlyCount "57"]
[EventDate "2022.03.05"]
[EventType "team-tourn"]
[EventCountry "GER"]
[SourceTitle "playchess.com"]
[Source "ChessBase"]
[SourceQuality "1"]
[TimeControl "40/5400+30:1800+30"]

{[%evp 10,57,29,26,50,40,41,20,20,22,20,16,18,26,26,21,22,10,14,16,26,25,23,0,0,0,0,0,0,0,0,0,19,16,16,0,0,0,0,0,0,0,0,0,0,0,0,-14,0,0]} 1. e4 {[%emt 0:00:00]} e5 {[%emt 0:00:00]} 2. Nf3 {[%emt 0:00:00]} Nf6 {[%emt 0:00:00]} 3. Nxe5 {[%emt 0:00:00]} d6 {[%emt 0:00:00]} 4. Nf3 {[%emt 0:00:00]} Nxe4 {[%emt 0:00:00]} 5. d4 {[%emt 0:00:00]} d5 {[%emt 0:00:00]} 6. Bd3 {[%emt 0:00:00]} Bf5 {[%emt 0:00:00] 6...Bd6 is becoming the main line. C42: Petroff Defence: 3 Nxe5 and unusual White 3rd moves.} 7. O-O {[%emt 0:00:00]} Be7 {[%emt 0:00:00]} 8. Ne5 {[%emt 0:11:45]} Nd7 {[%emt 0:00:00]} 9. Nc3 {[%emt 0:00:54]} Nxc3 {[%emt 0:00:00]} 10. bxc3 {[%emt 0:00:11]} Bxd3 {[%emt 0:00:21]} 11. cxd3 {[%emt 0:01:04]} O-O {[%emt 0:00:30]} 12. Rb1 {[%emt 0:06:42]} Rb8 {[%emt 0:08:07] [#]} 13. Qa4 $146 {[%emt 0:09:09]} ({Predecessor:} 13. f4 f6 14. Ng4 f5 15. Ne5 Nxe5 16. fxe5 Qd7 17. Rb2 b5 18. Be3 a5 19. Rbf2 {½-½ (33) Ponomariov,R (2682)-Gelfand,B (2719) Hengshui 2019}) 13... Nxe5 {[%emt 0:03:20]} 14. dxe5 {[%emt 0:00:12]} Qe8 {[%emt 0:04:48]} 15. Qxa7 {[%emt 0:16:32]} Qc6 {[%emt 0:00:20]} 16. Qa5 {[%emt 0:13:35]} b6 {[%emt 0:08:08] The position is equal.} 17. Qb5 {[%emt 0:00:06]} Qxc3 {[%emt 0:01:27]} 18. Bb2 {[%emt 0:00:45]} Qc5 {[%emt 0:04:43]} 19. Qb3 {[%emt 0:03:59]} Qc6 {[%emt 0:05:16]} 20. f4 {[%emt 0:02:59]} f5 {[%emt 0:05:41]} 21. Rfc1 {[%emt 0:01:09]} Qd7 {[%emt 0:05:09]} 22. Qc3 {[%emt 0:07:47]} c5 {[%emt 0:05:13]} 23. e6 {[%emt 0:00:20][%csl Gb2][%cal Rc3g7] [#]} d4 {[%emt 0:00:07]} 24. exd7 {[%emt 0:00:33]} dxc3 {[%emt 0:00:07]} 25. Bxc3 {[%emt 0:00:06]} Rfd8 {[%emt 0:04:40]} 26. Be5 {[%emt 0:03:01]} Rb7 {[%emt 0:03:30]} 27. a4 {[%emt 0:01:03][%cal Oa4a5]} Rdxd7 {[%emt 0:04:33]} 28. Rb3 {[%emt 0:00:27]} Kf7 29. Kf1 {[%emt 0:03:02] Weighted Error Value: White=0.05 (flawless) /Black=0.03 (flawless)} 1/2-1/2